000 01061nam a2200289 i 4500
001 bg
100 1 _aCAIRNS-SMITH, A. G.
_d(1931- )
245 1 0 _aEwolucja umysłu :
_bo naturze i pochodzeniu świadomości /
_cCairns-Smith A. G. ; przekł. [z ang.] Piotr Lewiński.
246 _iTyt. oryg.:
_aEvolving the mind : on the nature of matter and the origin of consciousness
260 _aWarszawa :
_b"Amber",
_c1998.
300 _a335, [1] s. :
_bfot., rys., wykr. ;
_c22 cm.
490 1 _aTajemnice Nauki
500 _aOryg. : "Evolving the mind : on the nature of matter and the origin of consciousness" 1996.
504 _aBibliogr. s. 314-326. - Indeks.
650 9 _aBiologia molekularna
_xzagadnienia
650 9 _aPsychofizjologia
_xzagadnienia
650 9 _aŚwiadomość
_xzagadnienia
650 9 _aUmysł
_xzagadnienia
830 _aTajemnice Nauki
020 _a8371695799
040 _cBPK
041 1 _apl
_hen
080 _a159.91+159.922+577.2
920 _a83-7169-579-9
942 _cKS
008 s pl f |000 0 pol
999 _c33581
_d33581
856 _uhttp://koha.tu.koszalin.pl/cgi-bin/koha/opac-detail.pl?biblionumber=33581
_yKatalog online BPK